| 000 | 00568nam a2200193 i 4500 | ||
|---|---|---|---|
| 001 | 93658 | ||
| 003 | ES-MaACL | ||
| 005 | 20230906181304.0 | ||
| 007 | t| | ||
| 008 | 050415s1976 sp ||||1| spa d | ||
| 100 | 1 |
_aLópez Barrios, Francisco. _973446 |
|
| 245 | 1 | 0 |
_aDicen que Ramón Ardales ha cruzado el Rubicón / _cFrancisco López Barrios. |
| 260 |
_aMadrid : _bAkal, _c1976. |
||
| 300 |
_a152 p. ; _c22 cm. |
||
| 490 | 1 | _aColección Manifiesto | |
| 830 | 0 |
_aColección Manifiesto _9184306 |
|
| 852 |
_aES-MaACL _jA-7381 _bR.96462 |
||
| 999 |
_c93658 _d93658 |
||